000 00586nam a2200205 i 4500
001 42059
003 ES-MaACL
005 20230906160536.0
007 t|
008 030312s1972 sp ||||1| spa d
100 1 _aCastaño López-Mesas.
_936439
245 1 0 _aNeuropsiquiatría... /
_cpor Castaño López-Mesas, Dura Llopis.
260 _aMadrid :
_b[Pons],
_c1972.
300 _a3 v. ;
_c31 cm.
490 1 _aContestaciones Pons
700 1 _aDura Llopis.
_946165
830 0 _aContestaciones Pons
_9181920
852 _aES-MaACL
_jC-43956-8
_bR.83434
999 _c42059
_d42059